| 000 | 00939nam a2200265 i 4500 | ||
|---|---|---|---|
| 003 | DO-SdBNP | ||
| 005 | 20240920151919.0 | ||
| 007 | ta | ||
| 008 | 240920b1968 xxuac||| |||| 00| 0 spa d | ||
| 040 |
_aDO-SdBNP _bspa _cBNPHU _erda |
||
| 082 | 4 | _222 | |
| 100 |
_aStraubinder, Juan, _eautor _4aut. _986633 |
||
| 245 | 1 | 0 |
_aSagrada Biblia : _bversión directa de los textos primitivos / _cJuan Straubinger, Miguel Dario Miranda |
| 250 | _aNueva edición | ||
| 264 |
_aChicago, Estados Unidos : _bEditor La Prensa Católica, _c1968. |
||
| 300 |
_axxxv, 832, 222, 320 páginas : _bilustraciones, retratos ; _c26 cm. |
||
| 336 |
_atexto _btxt _2rdacontent |
||
| 337 |
_asin mediación _bn _2rdamedia |
||
| 338 |
_avolumen _bnc _2rdacarrier |
||
| 500 | _aIncluye referencias bibliográficas y notas al pie de las páginas | ||
| 590 | _aInventariado, 2024/BT | ||
| 700 |
_aMiranda, Miguel Dario _986634 |
||
| 910 | _aBtavárez | ||
| 942 |
_2ddc _cLBS1 |
||
| 999 |
_c57735 _d57735 |
||